Statistics for National Park Site Tile Select #2

Click here to take the quiz!

General Stats

  • This quiz has been taken 3 times
  • The average score is 25 of 45

Answer Stats

QuestionTileSelect% Correct
In TexasBig BendYes
100%
Over 3 Million Visitors Per YearBlue Ridge ParkwayYes
100%
In TexasChickasawNo
100%
Is A National Military ParkGettysburgYes
100%
Over 3 Million Visitors Per YearHawaii VolcanoesNo
100%
Is A National Military ParkKennesaw MountainNo
100%
Over 3 Million Visitors Per YearLincoln HomeNo
100%
Over 3 Million Visitors Per YearMartin Luther King Jr.No
100%
In TexasNoatakNo
100%
In TexasTuzigootNo
100%
Over 3 Million Visitors Per YearYellowstoneYes
100%
Does Not Have A Junior Ranger ProgramArlington House, The Robert E. Lee MemorialNo
67%
In TexasBig ThicketYes
67%
Over 3 Million Visitors Per YearBryce CanyonNo
67%
Founded In FDR's PresidencyCanyon De ChellyNo
67%
Does Not Have A Junior Ranger ProgramCedar Creek & Belle GroveNo
67%
Is A National Military ParkChickamauga & ChattanoogaYes
67%
In TexasEl MalpaisNo
67%
In TexasFort DavisYes
67%
Is A National Military ParkFort SmithNo
67%
Founded In FDR's PresidencyGreenbelt ParkNo
67%
In TexasGuadalupe MountainsYes
67%
Over 3 Million Visitors Per YearLake MeadYes
67%
Founded In FDR's PresidencyLake RooseveltNo
67%
Is A National Military ParkManassasNo
67%
Does Not Have A Junior Ranger ProgramSand Creek MassacreYes
67%
Does Not Have A Junior Ranger ProgramValles CalderaYes
67%
Is A National Military ParkVicksburgYes
67%
Founded In FDR's PresidencyBlack Canyon Of The GunnisonYes
33%
Founded In FDR's PresidencyFort FredericaYes
33%
Does Not Have A Junior Ranger ProgramGeorge Rogers ClarkNo
33%
Over 3 Million Visitors Per YearGulf IslandsYes
33%
Founded In FDR's PresidencyHopewell FurnaceYes
33%
Founded In FDR's PresidencyOcmulgeeYes
33%
Founded In FDR's PresidencyTheodore Roosevelt IslandNo
33%
In TexasWaco MammothYes
33%
Is A National Military ParkAntietamNo
0%
Does Not Have A Junior Ranger ProgramBirmingham Civil RightsYes
0%
Does Not Have A Junior Ranger ProgramFort VancouverYes
0%
Founded In FDR's PresidencyHome Of Franklin D. RooseveltYes
0%
Is A National Military ParkKings MountainYes
0%
Is A National Military ParkLittle Bighorn BattlefieldNo
0%
Does Not Have A Junior Ranger ProgramLower DelawareYes
0%
Does Not Have A Junior Ranger ProgramMissouriNo
0%
Over 3 Million Visitors Per YearStatue Of LibertyNo
0%

Score Distribution

Percentile by Number Answered

Percent of People with Each Score

Your Score History

You have not taken this quiz